| 000 | 01071nam a2200289 a 4500 | ||
|---|---|---|---|
| 001 | 46009 | ||
| 003 | BD-RjUL | ||
| 005 | 20211209054109.0 | ||
| 008 | 160729r19961993ii 001 0 eng d | ||
| 020 |
_a818547043X _c: IRs. 650.00 |
||
| 035 | _a(BD-RjUL)46127 | ||
| 040 |
_aBD-RjUL _beng _cBD-RjUL |
||
| 041 | _aeng | ||
| 082 |
_a344.046 _bCHL 1996 |
||
| 100 | 1 |
_aChaturvedi, Ram Gopal, _d1931- _9140673 |
|
| 245 | 1 | 0 |
_aLaw on protection of environment and prevention of pollution : _bcentral and states / _cby R.G. Chaturvedi & M.M. Chaturvedi. |
| 250 | _a1st ed. | ||
| 260 |
_aAllahabad, India : _bLaw Book Co., _c1993 [Reprint 1996] |
||
| 300 |
_accxl, 1103 p. ; _c25 cm. |
||
| 500 | _a"Reprinted with addenda of up-to-date case law and statutory amendments". | ||
| 500 | _aOriginally publ.: 1st ed., 1993. | ||
| 500 | _aIncludes bibliographical references and index. | ||
| 650 | 0 |
_aEnvironmental law _zIndia _9140136 |
|
| 650 | 0 |
_aPollution _xLaw and legislation _zIndia _9140674 |
|
| 700 | 1 |
_aChaturvedi, M. M. _q(Madhu Mukul), _d1964- _9140675 |
|
| 942 |
_2ddc _cBK |
||
| 999 |
_c46009 _d46009 |
||